[Event "FIDE World Rapid Team"]
[Site "London ENG"]
[Date "2025.06.12"]
[Round "6.3"]
[White "Stepanyan, Henrik"]
[Black "Gallagher, Daniel GH"]
[Result "0-1"]
[WhiteElo "2200"]
[BlackElo "2251"]
[WhiteTeam "ANI"]
[BlackTeam "Oxbridge"]
[WhiteFideId "401030"]
[BlackFideId "436550"]
[EventDate "2025.06.11"]
[EventType "team"]

1. d4 Nf6 2. c4 g6 3. Nc3 Bg7 4. e4 d6 5. Nf3 O-O 6. h3 Na6 7. Be2 e5 8. dxe5
dxe5 9. Bg5 c6 10. Qxd8 Rxd8 11. Nxe5 Re8 12. O-O-O Nc5 13. f3 Nfxe4 14. Nxe4
Nxe4 15. fxe4 Bxe5 16. h4 Kg7 17. Rhf1 Be6 18. Be3 h6 19. Kc2 Rec8 20. c5 Rd8
21. b3 f6 22. Bc4 Bxc4 23. bxc4 h5 24. Rb1 Rd7 25. Rfd1 Rf7 26. Rd3 Re8 27. Rdb3
Ree7 28. Bf2 Bf4 29. Kd3 Rd7+ 30. Ke2 Rfe7 31. Kf3 Be5 32. Bg3 Bxg3 33. Kxg3 Kf7
34. Kf4 Rd4 35. Rxb7 Rxe4+ 36. Kg3 Rg4+ 37. Kh3 Rxc4 38. Rxe7+ Kxe7 39. Rb7+ Ke6
40. Rxa7 Rxc5 41. Kg3 Kf5 42. a4 Rc3+ 43. Kh2 Ra3 44. a5 Kg4 45. Rc7 Kxh4 46.
Rxc6 Kg5 47. a6 h4 48. Rc5+ f5 49. Rc6 Kh5 50. Rb6 g5 51. Rb5 Kg4 52. Rb6 Ra2
53. Kh1 h3 54. gxh3+ Kxh3 55. Rb3+ Kg4 56. Rb6 f4 57. Kg1 Kg3 58. Kf1 g4 59. Rc6
f3 60. Rc1 Rxa6 61. Kg1 Ra2 62. Rb1 Kh3 63. Rc1 g3 0-1

[Event "FIDE World Rapid Team"]
[Site "London ENG"]
[Date "2025.06.12"]
[Round "6.4"]
[White "Rushbrooke, Remy"]
[Black "Zakarian, Dimitrios Levon"]
[Result "0-1"]
[WhiteElo "2090"]
[BlackElo "2079"]
[WhiteTeam "Oxbridge"]
[BlackTeam "ANI"]
[WhiteFideId "443590"]
[BlackFideId "453080"]
[EventDate "2025.06.11"]
[EventType "team"]

1. Nf3 Nf6 2. g3 b6 3. Bg2 Bb7 4. c4 e6 5. O-O Be7 6. Nc3 O-O 7. d4 Ne4 8. Nxe4
Bxe4 9. b3 Bf6 10. Bb2 c5 11. Qd2 cxd4 12. Bxd4 Nc6 13. Bxf6 Qxf6 14. Qd6 Rfd8
15. Rfd1 Rac8 16. Rac1 Qb2 17. Qf4 Bg6 18. Qd2 Qxd2 19. Rxd2 Be4 20. Rcd1 d5 21.
Nd4 Bxg2 22. Nxc6 Rxc6 23. Kxg2 Rcd6 24. Rd4 Kf8 25. e4 Ke7 26. cxd5 exd5 27.
exd5 f5 28. Kf3 Kf6 29. h4 Ke5 30. g4 g6 31. gxf5 Kxf5 32. Rf4+ Ke5 33. Rf7 R6d7
34. Rxd7 Rxd7 35. Kg4 Kd6 36. f4 Rf7 37. Rd4 Rf5 38. Ra4 a5 39. b4 Rxd5 40. bxa5
bxa5 41. Ra3 Ke6 42. Re3+ Kf6 43. Rc3 h5+ 44. Kf3 Kf5 45. a3 a4 46. Ke3 Rb5 47.
Kd3 Kg4 48. Kc4 Rf5 49. Kb4 Rxf4+ 0-1

[Event "FIDE World Rapid Team"]
[Site "London ENG"]
[Date "2025.06.12"]
[Round "6.5"]
[White "Grigoryan, Meri"]
[Black "Hng, Mei-Xian Eunice"]
[Result "1/2-1/2"]
[WhiteTitle "WFM"]
[BlackTitle "WFM"]
[WhiteElo "1980"]
[BlackElo "2066"]
[WhiteTeam "ANI"]
[BlackTeam "Oxbridge"]
[WhiteFideId "13300571"]
[BlackFideId "5806585"]
[EventDate "2025.06.11"]
[EventType "team"]

1. d4 Nf6 2. Nf3 e6 3. c3 c5 4. g3 Be7 5. Bg2 O-O 6. O-O Nc6 7. e3 d5 8. b3 Rb8
9. Ba3 b6 10. Qc2 Qc7 11. Nbd2 Bb7 12. Rac1 e5 13. dxe5 Nxe5 14. Nxe5 Qxe5 15.
c4 dxc4 16. Nxc4 Qh5 17. Bxb7 Rxb7 18. f3 Rd7 19. e4 Rfd8 20. Rf2 Rd3 21. Rcf1
b5 22. Nb2 R3d7 23. Nd1 b4 24. Bb2 c4 25. Bc1 Bc5 26. Be3 Bxe3 27. Nxe3 c3 28.
Nc4 Rd3 29. Kg2 Ne8 30. Ra1 Nc7 31. a3 a5 32. axb4 axb4 33. Ra5 Qh6 34. Ra4 Na6
35. Qa2 Rd2 36. Nxd2 cxd2 37. Rxa6 Qxa6 38. Qxa6 d1=Q 39. Qe2 Qa1 40. Qb2 Qe1
41. Re2 Qd1 42. Qc2 Qa1 43. Rd2 Ra8 44. Qb2 Qe1 45. Qd4 h6 46. Qxb4 Qb1 47. Qc3
Rb8 48. Rb2 Qa1 49. b4 Kh7 50. b5 Rxb5 51. Rc2 Qxc3 52. Rxc3 Rb2+ 53. Kh3 Kg6
54. Rc6+ Kh7 55. f4 f6 56. Rc7 Re2 57. Re7 Re1 58. Kg2 Re2+ 59. Kg1 Re1+ 60. Kf2
Ra1 61. h3 Ra3 62. Rd7 Rb3 63. Rd2 Ra3 64. Re2 Kg6 65. Re3 Ra2+ 66. Kf3 Ra5 67.
g4 h5 68. e5 hxg4+ 69. hxg4 fxe5 70. fxe5 Kf7 71. e6+ Ke7 72. Kf4 g5+ 73. Kf3
Rb5 74. Re2 Rb3+ 75. Kg2 Rb4 76. Kf3 Rb3+ 77. Kg2 Rb4 1/2-1/2

[Event "FIDE World Rapid Team"]
[Site "London ENG"]
[Date "2025.06.12"]
[Round "6.6"]
[White "Nayberg, Simona"]
[Black "Mesropyan, Hayk"]
[Result "0-1"]
[WhiteElo "1819"]
[BlackElo "1866"]
[WhiteTeam "Oxbridge"]
[BlackTeam "ANI"]
[WhiteFideId "2075180"]
[BlackFideId "499455"]
[EventDate "2025.06.11"]
[EventType "team"]

1. e4 e5 2. Nf3 Nc6 3. Bc4 Bc5 4. c3 Nf6 5. d4 exd4 6. e5 d5 7. Bb5 Ne4 8. cxd4
Bb6 9. O-O O-O 10. h3 f6 11. Nc3 a6 12. Bxc6 bxc6 13. Be3 Nxc3 14. bxc3 h6 15.
Qd2 a5 16. Rfe1 Bf5 17. a4 Be4 18. Qe2 Bxf3 19. gxf3 fxe5 20. dxe5 Qh4 21. Kh2
c5 22. Rg1 d4 23. Rg4 Qh5 24. cxd4 cxd4 25. Bxd4 Bxd4 26. Qc4+ Kh8 27. Qxd4 Rxf3
28. Rg3 Raf8 29. Ra2 R8f5 30. e6 Rf6 31. e7 Rxg3 32. fxg3 Re6 33. Qd8+ Kh7 34.
Rf2 Qe5 35. Qxc7 0-1

[Event "FIDE World Rapid Team"]
[Site "London ENG"]
[Date "2025.06.12"]
[Round "6.1"]
[White "Eilenberg, Jonas"]
[Black "Bryant, Harry"]
[Result "1-0"]
[WhiteTitle "FM"]
[WhiteElo "2316"]
[BlackElo "2062"]
[WhiteTeam "Berlin Lasker Legends"]
[BlackTeam "The London Legends"]
[WhiteFideId "16204271"]
[BlackFideId "489158"]
[EventDate "2025.06.11"]
[EventType "team"]

1. e4 c5 2. Nf3 d6 3. Bb5+ Bd7 4. c4 e5 5. Nc3 Nc6 6. h3 Nge7 7. d3 Ng6 8. a3
Be7 9. Rb1 O-O 10. b4 f5 11. Nd5 a6 12. Ba4 Rb8 13. bxc5 dxc5 14. Bd2 Nd4 15.
Nxd4 exd4 16. O-O fxe4 17. dxe4 Bd6 18. f4 b5 19. Bb3 Kh8 20. Qh5 bxc4 21. Bxc4
Bb5 22. Qe2 Bxc4 23. Qxc4 Rxb1 24. Rxb1 Nxf4 25. Bxf4 Bxf4 26. Qxc5 Be5 27. a4
Re8 28. Qc4 h6 29. Qxa6 Qg5 30. Qd3 Rc8 31. Rf1 Bd6 32. a5 Qe5 33. g3 Qh5 34.
Kg2 Rb8 35. Rf2 Ra8 36. a6 Qg6 37. Ra2 h5 38. h4 Bc5 39. Nf4 Qf7 40. Ra5 g5 41.
hxg5 Be7 42. Qxd4+ Kg8 43. Qd5 Qxd5 44. Nxd5 Bd8 45. Ra4 Bxg5 46. a7 Bd8 47. Rb4
Rxa7 48. Rb8 Kf7 49. Rxd8 Ke6 50. Re8+ Kd6 51. Kh3 Ra1 52. Nf4 Rh1+ 53. Kg2 1-0

[Event "FIDE World Rapid Team"]
[Site "London ENG"]
[Date "2025.06.12"]
[Round "6.2"]
[White "Dasgupta, Avyukt"]
[Black "Yatskar, Martin"]
[Result "0-1"]
[BlackTitle "CM"]
[WhiteElo "2125"]
[BlackElo "2225"]
[WhiteTeam "The London Legends"]
[BlackTeam "Berlin Lasker Legends"]
[WhiteFideId "480630"]
[BlackFideId "34109676"]
[EventDate "2025.06.11"]
[EventType "team"]

1. e4 e5 2. Nf3 Nc6 3. Bb5 a6 4. Bxc6 dxc6 5. O-O Qf6 6. d4 exd4 7. Bg5 Qd6 8.
Nxd4 Be7 9. Bxe7 Nxe7 10. Nc3 Bd7 11. Nf3 O-O-O 12. Qxd6 cxd6 13. h3 Kc7 14.
Rfd1 f6 15. Rd4 Be6 16. b3 Ng6 17. Rad1 Rhe8 18. Kf1 Bf7 19. Ne2 Nf8 20. Ng3 g6
21. Ne1 Ne6 22. R4d2 h5 23. f3 h4 24. Ne2 g5 25. Nd4 Nxd4 26. Rxd4 d5 27. exd5
Rxd5 28. c4 Rxd4 29. Rxd4 Bg6 30. f4 Be4 31. fxg5 fxg5 32. Nf3 Bxf3 33. gxf3 Re3
34. Kf2 Rc3 35. Rd2 Rc1 36. f4 gxf4 37. Kf3 Rg1 38. Kxf4 Rg3 39. Rh2 Kd6 40. Ke4
Kc5 41. Ke5 a5 42. Ke6 a4 43. bxa4 Ra3 44. Kf5 Rxa4 45. Rb2 b6 46. Rc2 Rxc4 47.
Rf2 b5 48. Kg5 Kb4 49. Rf6 c5 50. Rh6 Rd4 51. Kf5 c4 52. Ke5 Rd2 53. Rxh4 Rxa2
54. Re4 Kb3 55. Kd4 c3 56. Re3 b4 57. h4 Rh2 58. Re4 c2 0-1

[Event "FIDE World Rapid Team"]
[Site "London ENG"]
[Date "2025.06.12"]
[Round "6.3"]
[White "Kunz, Andre"]
[Black "Patel, Zain"]
[Result "1-0"]
[WhiteTitle "CM"]
[WhiteElo "2128"]
[BlackElo "2045"]
[WhiteTeam "Berlin Lasker Legends"]
[BlackTeam "The London Legends"]
[WhiteFideId "24623652"]
[BlackFideId "469246"]
[EventDate "2025.06.11"]
[EventType "team"]

1. e4 e5 2. Nf3 Nc6 3. Bc4 Nf6 4. d3 Bc5 5. O-O O-O 6. c3 a6 7. Nbd2 d6 8. Bb3
Be6 9. h3 Ba7 10. Re1 Ne7 11. Nf1 Ng6 12. Ng3 Qd7 13. Bxe6 fxe6 14. d4 exd4 15.
cxd4 Rad8 16. Be3 Qb5 17. Qc2 c5 18. Rac1 cxd4 19. Bxd4 Bxd4 20. Nxd4 Qe5 21.
Rcd1 Rc8 22. Qb3 Nf4 23. Nf3 Qc5 24. Nf5 d5 25. Ng3 dxe4 26. Nxe4 Nxe4 27. Rxe4
Qf5 28. Re3 Qg6 29. Ne1 Qh5 30. Kh2 Kh8 31. Rg3 Nd5 32. Nf3 b5 33. Rd4 Nf4 34.
Qe3 Qh6 35. Rd7 Nh5 36. Rg5 Nf6 37. Ra7 Nd5 38. Qe5 Rg8 39. Nd4 Qf6 40. Nxe6
Qxe5+ 41. Rxe5 Nb4 42. Ng5 h6 43. Nf7+ Kh7 44. Re6 Rce8 45. Rd6 Rgf8 46. a3 Nc2
47. Nxh6 Rxf2 48. Ng4 Rf1 49. Rdd7 Rg8 50. Rxa6 Kh8 51. Rd5 Re8 52. Rh5+ Kg8 53.
Re5 Rxe5 54. Nxe5 Rf2 55. Kg3 Re2 56. Ra8+ Kh7 57. Nf3 Ne3 58. b3 Rxg2+ 59. Kf4
Nd5+ 60. Ke4 Nf6+ 61. Kf4 Rb2 62. b4 Rc2 63. Rb8 Rc4+ 64. Kf5 Ne4 65. Ng5+ Nxg5
66. Kxg5 Rc3 67. h4 Rxa3 68. Rxb5 Ra1 69. h5 Rg1+ 70. Kf4 Kh6 71. Rc5 Rf1+ 72.
Ke4 Re1+ 73. Kd4 Rb1 74. b5 Rb4+ 75. Kc3 Rb1 76. Rd5 Rc1+ 77. Kb4 g6 78. hxg6
Kxg6 79. b6 Kf6 80. Kb5 Ke6 81. Rd2 Ke7 82. b7 Rb1+ 83. Kc6 Rc1+ 84. Kb6 Rb1+
85. Kc7 Rc1+ 86. Kb8 Ke8 87. Rd4 Rc2 88. Ka7 Ra2+ 89. Kb6 Rb2+ 90. Ka6 1-0

[Event "FIDE World Rapid Team"]
[Site "London ENG"]
[Date "2025.06.12"]
[Round "6.4"]
[White "Vashisht-Pigem, Raman"]
[Black "Stein, Theodor"]
[Result "1-0"]
[WhiteElo "1965"]
[BlackElo "1877"]
[WhiteTeam "The London Legends"]
[BlackTeam "Berlin Lasker Legends"]
[WhiteFideId "469734"]
[BlackFideId "34602801"]
[EventDate "2025.06.11"]
[EventType "team"]

1. e4 d6 2. d4 Nf6 3. Nc3 g6 4. Nf3 Bg7 5. Be2 O-O 6. O-O a6 7. a4 Nc6 8. h3 e5
9. Be3 exd4 10. Nxd4 Re8 11. Nxc6 bxc6 12. Bf3 Nd7 13. Qd2 Rb8 14. Rab1 Ne5 15.
Be2 Be6 16. Rfe1 Bc4 17. f4 Bxe2 18. Qxe2 Nd7 19. Qd3 a5 20. Bd4 Bxd4+ 21. Qxd4
Rb4 22. Qa7 Nb6 23. Qxa5 Rd4 24. Qa6 Qh4 25. a5 Ra8 26. Qb7 Rd2 27. Re2 Rxe2 28.
Nxe2 Rxa5 29. Qxc7 Rb5 30. Qxc6 Qh5 31. Ng3 Qc5+ 32. Qxc5 dxc5 33. Kf2 Ra5 34.
Ke3 Kf8 35. Ne2 Ra4 36. Nc3 Rb4 37. b3 c4 38. Nd5 Nxd5+ 39. exd5 cxb3 40. Rxb3
Ra4 41. g3 Ke7 42. Rb7+ Ke8 43. Kd3 h5 44. h4 Ra1 45. c4 Rd1+ 46. Ke4 Rd2 47. c5
Rc2 48. c6 f6 49. Rg7 g5 50. hxg5 fxg5 51. Rxg5 h4 52. gxh4 Ke7 53. Rg7+ Kd8 54.
h5 Rh2 55. d6 Re2+ 56. Kf5 Re1 57. Rg8+ Re8 58. c7+ Kd7 59. Rxe8 Kxe8 60. c8=Q+
Kf7 61. Qe6+ Kg7 62. d7 Kh7 63. Qg6+ Kh8 64. Ke4 1-0

[Event "FIDE World Rapid Team"]
[Site "London ENG"]
[Date "2025.06.12"]
[Round "6.5"]
[White "Ho, Ngoc Hai-Dang"]
[Black "Mokhber-Garcia, Sebastian"]
[Result "0-1"]
[WhiteElo "1932"]
[BlackElo "1853"]
[WhiteTeam "Berlin Lasker Legends"]
[BlackTeam "The London Legends"]
[WhiteFideId "16206509"]
[BlackFideId "499269"]
[EventDate "2025.06.11"]
[EventType "team"]

1. e4 e5 2. Nf3 Nf6 3. Nxe5 d6 4. Nf3 Nxe4 5. d4 d5 6. Bd3 Bd6 7. O-O O-O 8. c4
Nf6 9. c5 Be7 10. h3 b6 11. b4 a5 12. bxa5 bxc5 13. dxc5 Bxc5 14. Bg5 h6 15. Bd2
Ba6 16. Bxa6 Rxa6 17. Nc3 Ne4 18. Qc2 Rc6 19. Qb3 Nxd2 20. Nxd2 Rd6 21. Rac1 Nc6
22. Nf3 Nxa5 23. Qb5 Bb6 24. Rfd1 c6 25. Qa4 Nc4 26. Nd4 Nb2 27. Nxc6 Nxa4 28.
Nxd8 Nxc3 29. Nb7 Nxd1 30. Nxd6 Nxf2 31. Rc6 Be3 32. Nf5 d4 33. Kf1 Ra8 34. Rc2
Ne4 35. Nxe3 dxe3 36. Ke2 Rxa2 0-1

[Event "FIDE World Rapid Team"]
[Site "London ENG"]
[Date "2025.06.12"]
[Round "6.6"]
[White "Kodukula, Sameera"]
[Black "Schuster, Rebekka"]
[Result "0-1"]
[WhiteElo "1647"]
[BlackElo "1806"]
[WhiteTeam "The London Legends"]
[BlackTeam "Berlin Lasker Legends"]
[WhiteFideId "343413994"]
[BlackFideId "24674095"]
[EventDate "2025.06.11"]
[EventType "team"]

1. Nf3 e6 2. d4 f5 3. g3 Nf6 4. Bg2 Be7 5. Bg5 O-O 6. Bxf6 Bxf6 7. c3 d6 8. e3
e5 9. dxe5 dxe5 10. Qxd8 Rxd8 11. O-O c6 12. Na3 Be6 13. Nc2 Na6 14. a3 g5 15.
Rfd1 g4 16. Nfe1 Nc5 17. h3 h5 18. hxg4 hxg4 19. Bf1 Nb3 20. Rab1 Nd2 21. Ra1
Nxf1 22. Kxf1 Bc4+ 23. Kg2 Be2 24. Rxd8+ Rxd8 25. Rc1 Rd2 26. Kg1 Bc4 27. Kg2
Bb3 28. Kg1 Bg5 29. Kg2 Kf7 30. Kg1 Bc4 31. Rb1 f4 32. exf4 exf4 33. gxf4 Bh4
34. Ng2 Bxf2+ 35. Kh1 Rxc2 0-1

[Event "FIDE World Rapid Team"]
[Site "London ENG"]
[Date "2025.06.12"]
[Round "6.1"]
[White "Gallana, Marco"]
[Black "Grahn, Vidar"]
[Result "1/2-1/2"]
[BlackTitle "FM"]
[WhiteElo "2215"]
[BlackElo "2239"]
[WhiteTeam "Hammersmith Chess Club"]
[BlackTeam "Uppsala SSS"]
[WhiteFideId "824542"]
[BlackFideId "1744780"]
[EventDate "2025.06.11"]
[EventType "team"]

1. Nf3 c5 2. c4 Nc6 3. Nc3 e5 4. e3 Nf6 5. d4 e4 6. d5 exf3 7. dxc6 dxc6 8.
Qxd8+ Kxd8 9. gxf3 g6 10. b3 Bg7 11. Bb2 Ke7 12. Ne4 b6 13. Rd1 Ne8 14. Bxg7
Nxg7 15. h4 Be6 16. Ng3 a5 17. a4 Nf5 18. h5 Nd6 19. Bh3 Bxh3 20. Rxh3 b5 21.
cxb5 cxb5 22. axb5 Rhb8 23. Rh4 Rxb5 24. hxg6 hxg6 25. Rd3 Rab8 26. Ne4 Nf5 27.
Rf4 Rxb3 28. Nxc5 Rb1+ 29. Rd1 Rxd1+ 30. Kxd1 Rb2 31. Nd3 Ra2 32. Rc4 Kf6 33. f4
Nh4 34. Ne5 Ke6 35. Rc5 a4 36. Ra5 a3 37. Nc4 Rxf2 38. Nxa3 Nf5 39. Nc4 1/2-1/2

[Event "FIDE World Rapid Team"]
[Site "London ENG"]
[Date "2025.06.12"]
[Round "6.2"]
[White "Strom-Engdahl, Alexander"]
[Black "Villiers, Thomas"]
[Result "1/2-1/2"]
[WhiteTitle "FM"]
[BlackTitle "CM"]
[WhiteElo "2320"]
[BlackElo "2158"]
[WhiteTeam "Uppsala SSS"]
[BlackTeam "Hammersmith Chess Club"]
[WhiteFideId "1741586"]
[BlackFideId "427209"]
[EventDate "2025.06.11"]
[EventType "team"]

1. e4 e5 2. Nf3 Nc6 3. Bc4 Bc5 4. c3 Nf6 5. d3 O-O 6. O-O d6 7. a4 a5 8. Re1 Be6
9. Nbd2 Ng4 10. Re2 Bxc4 11. Nxc4 d5 12. exd5 Qxd5 13. Ne3 Bxe3 14. Bxe3 Rad8
15. Ne1 f5 16. Bg5 Rd6 17. h3 Nf6 18. Ra3 Ne4 19. Bc1 Nc5 20. Be3 b6 21. Bxc5
Qxc5 22. Qb3+ Kh8 23. Qb5 Rd5 24. Qxc5 Rxc5 25. Rb3 Rd8 26. Rb5 Rcd5 27. Nf3
Rxd3 28. Nxe5 Nxe5 29. Rbxe5 g6 30. Re8+ Rxe8 31. Rxe8+ Kg7 32. Re7+ Kh6 33.
Rxc7 Rd2 34. b4 axb4 35. cxb4 Rd4 36. b5 Rxa4 37. Rb7 Rb4 38. Rxb6 f4 39. Kf1
Rb2 40. Rb7 Kg5 41. b6 h5 42. Rb8 Kh4 43. b7 f3 44. Kg1 g5 45. Rc8 Rxb7 46. Rc4+
g4 47. hxg4 fxg2 48. gxh5+ Kxh5 49. Kxg2 Kg5 50. Rc6 Rb3 51. f3 Kf5 52. Kg3 Rb4
53. Rc5+ Kf6 54. Ra5 Rc4 55. Ra2 Rb4 56. Re2 Ra4 57. f4 Ra1 58. Kf3 Kf5 59. Re5+
Kf6 60. Re2 Kf5 61. Re5+ Kf6 62. Re2 1/2-1/2

[Event "FIDE World Rapid Team"]
[Site "London ENG"]
[Date "2025.06.12"]
[Round "6.3"]
[White "Hill, Alistair"]
[Black "Frank, Anton"]
[Result "1/2-1/2"]
[BlackTitle "CM"]
[WhiteElo "2178"]
[BlackElo "2183"]
[WhiteTeam "Hammersmith Chess Club"]
[BlackTeam "Uppsala SSS"]
[WhiteFideId "432407"]
[BlackFideId "1752383"]
[EventDate "2025.06.11"]
[EventType "team"]

1. c4 e6 2. Nc3 Nf6 3. d4 Bb4 4. e3 O-O 5. Bd3 d5 6. Nf3 c5 7. a3 Ba5 8. O-O Nc6
9. dxc5 Bxc3 10. bxc3 Qa5 11. Qc2 Qxc5 12. cxd5 exd5 13. a4 Re8 14. Ba3 Qa5 15.
Rfb1 Qc7 16. c4 dxc4 17. Qxc4 Be6 18. Qh4 Rad8 19. Bc2 Ne5 20. Rc1 Nxf3+ 21.
gxf3 Qe5 22. Rab1 Bd5 23. Bb2 Qe6 24. Bxf6 Qxf6 25. Bxh7+ Kh8 26. Qxf6 gxf6 27.
Be4 Bxe4 28. fxe4 Rd7 29. Rb4 Re5 30. Kg2 b6 31. h4 Kg7 32. Kf3 Rh5 33. Rg1+ Kh6
34. Rg8 Kh7 35. Rg4 Re7 36. Rd4 Rh6 37. Rd8 Rc7 38. Rdg8 Rg6 39. R4xg6 fxg6 40.
Ra8 Kh6 41. Kg4 Rc4 42. Rxa7 Rxe4+ 43. Kg3 f5 44. Ra8 Rg4+ 45. Kh3 Rb4 46. Kg3
Rg4+ 47. Kh3 Rb4 48. Rb8 Kg7 49. f3 Rxa4 50. Rxb6 Ra3 51. Re6 f4 52. exf4 Rxf3+
53. Kg4 Rf1 54. Re3 Kf6 55. Kg3 Rg1+ 56. Kh3 Rf1 57. Kg4 Rg1+ 58. Rg3 Rh1 59.
Rg2 Rf1 60. Kg3 Kf5 61. Ra2 Rg1+ 62. Kh3 Kxf4 63. Ra4+ Kf5 64. Ra5+ Kf4 65. Ra4+
Ke5 1/2-1/2

[Event "FIDE World Rapid Team"]
[Site "London ENG"]
[Date "2025.06.12"]
[Round "6.4"]
[White "Nilsson, Oliver"]
[Black "Franco, Gaston"]
[Result "1-0"]
[WhiteElo "2129"]
[BlackElo "2088"]
[WhiteTeam "Uppsala SSS"]
[BlackTeam "Hammersmith Chess Club"]
[WhiteFideId "1730177"]
[BlackFideId "117722"]
[EventDate "2025.06.11"]
[EventType "team"]

1. e4 c5 2. Nc3 Nc6 3. Bb5 Nd4 4. Nf3 e6 5. O-O a6 6. Bd3 Nc6 7. b3 Nge7 8. Bb2
Ng6 9. Ne2 Qc7 10. c3 Nce5 11. Nxe5 Nxe5 12. Bc2 c4 13. bxc4 Nxc4 14. Bc1 b5 15.
d3 Nb6 16. Bf4 Bd6 17. Bxd6 Qxd6 18. f4 Bb7 19. f5 e5 20. Kh1 Rc8 21. Qe1 Na4
22. Bxa4 bxa4 23. Qg3 Kf8 24. Rab1 Bc6 25. c4 Qe7 26. Nc3 d6 27. Rb6 Qa7 28.
Rfb1 h6 29. Qe3 Qa8 30. Qc1 Kg8 31. Qa3 Kh7 32. Nxa4 Bxa4 33. Qxa4 Rb8 34. Qa5
Rxb6 35. Qxb6 Rd8 36. g4 Rd7 37. h4 Qe8 38. g5 g6 39. Qf2 h5 40. Rb6 Qc8 41.
fxg6+ fxg6 42. Qf6 Qc7 43. Rxa6 Qb7 44. Rxd6 Qb1+ 45. Kg2 Qc2+ 46. Kg3 Rxd6 47.
Qxd6 1-0

[Event "FIDE World Rapid Team"]
[Site "London ENG"]
[Date "2025.06.12"]
[Round "6.5"]
[White "Ciocan, Maria-Alexandra"]
[Black "Ostensson, Julia"]
[Result "1-0"]
[WhiteElo "1998"]
[BlackElo "1996"]
[WhiteTeam "Hammersmith Chess Club"]
[BlackTeam "Uppsala SSS"]
[WhiteFideId "1227130"]
[BlackFideId "1747703"]
[EventDate "2025.06.11"]
[EventType "team"]

1. e4 d6 2. d4 Nf6 3. Nc3 Nbd7 4. Be3 e5 5. Nf3 Be7 6. h3 c6 7. Qd2 O-O 8. dxe5
dxe5 9. Bc4 b5 10. Bd3 Qc7 11. O-O Nc5 12. a3 Rd8 13. Qe2 a5 14. Bg5 h6 15. Bh4
Ba6 16. Bxf6 Bxf6 17. b4 Ne6 18. Nh2 Be7 19. Rab1 Nf4 20. Qf3 axb4 21. axb4 Bc8
22. Ng4 Ra3 23. Nd1 Nxd3 24. cxd3 Raxd3 25. Nde3 h5 26. Nh2 g6 27. Rfc1 Be6 28.
Qe2 Rd2 29. Qe1 R2d4 30. Nc2 Rd3 31. Ne3 f6 32. Qe2 R3d4 33. Qxb5 Rxe4 34. Rxc6
Qd7 35. Qb6 Ba2 36. Rd1 Qe8 37. Rxd8 Qxd8 38. Qb7 Rxb4 39. Qa6 Rb1+ 40. Nhf1 Kg7
41. Qxa2 Rb7 42. Qc4 f5 43. Qe6 Qe8 44. Qxe5+ Kh7 45. Qe6 Rb1 46. Nxf5 Rxf1+ 47.
Kxf1 gxf5 48. Qh6+ Kg8 49. Rg6+ Kf7 50. Qh7+ 1-0

[Event "FIDE World Rapid Team"]
[Site "London ENG"]
[Date "2025.06.12"]
[Round "6.6"]
[White "Letoret, Tim"]
[Black "Aryaman Ganguly"]
[Result "0-1"]
[WhiteElo "1907"]
[BlackElo "1826"]
[WhiteTeam "Uppsala SSS"]
[BlackTeam "Hammersmith Chess Club"]
[WhiteFideId "269638"]
[BlackFideId "25981226"]
[EventDate "2025.06.11"]
[EventType "team"]

1. e4 c5 2. Nf3 d6 3. d4 cxd4 4. Nxd4 Nf6 5. Bd3 g6 6. c4 Bg7 7. O-O Nc6 8. Ne2
Bd7 9. Nbc3 Rc8 10. h3 O-O 11. Be3 a6 12. Nd5 Nxd5 13. cxd5 Nb4 14. Bd4 Nxd3 15.
Qxd3 Bb5 16. Qd2 Bxd4 17. Nxd4 Bxf1 18. Rxf1 Kg7 19. Re1 Qd7 20. Qg5 Kh8 21. Qh6
e5 22. Nf5 f6 23. Nh4 Qg7 24. Qe3 Rc5 25. b4 Rc4 26. a3 Rfc8 27. Qd2 Rc2 28. Qe3
R8c3 29. Qb6 Qc7 30. Qa7 Qd7 31. a4 Rc8 32. Qe3 R2c3 33. Qd2 R3c7 34. Qh6 Qg7
35. Qe3 Rc4 36. Rb1 Qc7 37. Kh2 Kg7 38. Qg3 Kh8 39. Qe3 Rc3 40. Qh6 Qg7 41. Qd2
Qf8 42. b5 a5 43. b6 R3c5 44. g3 Kg7 45. Qe2 Rc4 46. Qg4 Kh8 47. Qd7 Rxe4 48.
Qxb7 Rxa4 49. Qd7 Rb4 50. Rxb4 axb4 51. Qb5 Rb8 52. Qxb4 Qd8 53. Qd2 Qd7 54. Qe3
Kg7 55. f4 Qb7 56. fxe5 dxe5 57. Qc5 Kf7 58. d6 Rc8 59. d7 Qxd7 60. Qb4 Rc2+ 61.
Ng2 Qd5 0-1

[Event "FIDE World Rapid Team"]
[Site "London ENG"]
[Date "2025.06.12"]
[Round "6.1"]
[White "Sava, Robert-Gabriel"]
[Black "Skytte, Rasmus"]
[Result "1-0"]
[WhiteTitle "CM"]
[BlackTitle "IM"]
[WhiteElo "2121"]
[BlackElo "2367"]
[WhiteTeam "xChess.AI"]
[BlackTeam "Danish Futures"]
[WhiteFideId "1265725"]
[BlackFideId "1404210"]
[EventDate "2025.06.11"]
[EventType "team"]

1. b4 c6 2. Bb2 Qb6 3. a3 a5 4. c4 d5 5. c5 Qc7 6. Nf3 Bf5 7. e3 Nd7 8. Be2 e5
9. d4 e4 10. Nfd2 Ngf6 11. Nc3 h5 12. b5 Be7 13. b6 Qd8 14. Qc2 O-O 15. h3 Bg6
16. O-O-O Re8 17. Na4 Nf8 18. Nb3 Ne6 19. Bc3 Ng5 20. Nxa5 Qd7 21. Nb2 h4 22. a4
Bh5 23. Rhe1 Bxe2 24. Qxe2 g6 25. Kc2 Nh5 26. Nb3 f5 27. a5 Rf8 28. Ra1 Ra6 29.
Bd2 Bf6 30. Nc1 Bg7 31. Na2 f4 32. Nb4 Raa8 33. Qg4 Rf5 34. a6 Nf6 35. axb7 Qxb7
36. Qe2 f3 37. gxf3 Rxf3 38. Rxa8+ Qxa8 39. Qf1 Nxh3 40. Ra1 Qc8 41. Qa6 Qg4 42.
b7 Nd7 43. Qxc6 Rxf2 44. Qxd5+ Kh7 45. c6 Nf4 46. Qxd7 Rxd2+ 47. Kxd2 Qe2+ 48.
Kc3 Qxe3+ 49. Kc4 Qe2+ 50. Kc5 Qxb2 51. b8=Q Nd3+ 52. Nxd3 Qxb8 53. Ra7 Qf8+ 54.
Qe7 Qxe7+ 55. Rxe7 exd3 56. Re1 1-0

[Event "FIDE World Rapid Team"]
[Site "London ENG"]
[Date "2025.06.12"]
[Round "6.2"]
[White "Kistrup, Nicolai"]
[Black "Rusu, Lucas"]
[Result "0-1"]
[WhiteTitle "IM"]
[WhiteElo "2381"]
[BlackElo "2038"]
[WhiteTeam "Danish Futures"]
[BlackTeam "xChess.AI"]
[WhiteFideId "1444816"]
[BlackFideId "42206472"]
[EventDate "2025.06.11"]
[EventType "team"]

1. e4 c5 2. Nf3 e6 3. c3 Nf6 4. e5 Nd5 5. d4 cxd4 6. cxd4 d6 7. Bc4 Nc6 8. O-O
Be7 9. Qe2 O-O 10. Nc3 dxe5 11. dxe5 Nxc3 12. bxc3 Qc7 13. h4 b6 14. h5 Bb7 15.
h6 g6 16. Bd3 Rfd8 17. Re1 Rac8 18. Be4 Rd7 19. Bf4 Rcd8 20. Rac1 Ba8 21. Ng5
Rc8 22. Qg4 Qd8 23. Nxe6 fxe6 24. Bxg6 Kh8 25. Bf7 Qf8 26. Bxe6 Rdc7 27. Bxc8
Rxc8 28. Rcd1 Qg8 29. Qxg8+ Rxg8 30. e6 Bf6 31. e7 Re8 32. Rd7 Kg8 33. Bd6 Kf7
34. Re3 Bg5 35. Re4 Nb8 36. Bxb8 Bxe4 37. Bd6 a6 38. f3 Bc6 39. Rc7 Bd5 40. c4
Be6 41. a4 Bxh6 42. f4 Bg7 43. Ra7 Bd4+ 44. Kh2 Bxc4 45. f5 b5 46. Rxa6 b4 47.
Rc6 Bd5 48. Rc7 b3 0-1